| 000 | 01194nam a22002657a 4500 | ||
|---|---|---|---|
| 999 |
_c6835 _d6835 |
||
| 003 | AR-CdUCM | ||
| 008 | 190319b ||||| |||| 00| 0 spa d | ||
| 020 | _a84-7232-585-7 | ||
| 040 |
_aMUNICIPALIDAD PROVINCIAL DEL CUSCO _cBIBLIOTECA MUNICIPAL DEL CUSCO |
||
| 082 |
_23ed. _a349.8 / _bM23 |
||
| 100 |
_aManzano Manzano, Juan _919256 |
||
| 245 | _aHistoria de las recopilaciones de Indias / | ||
| 260 |
_aMadrid : _bCultura Hispánica, _c1991. |
||
| 300 |
_a2 tomos ; _bilustraciones ; _c26 cm. |
||
| 505 | _aContenido : t.1: siglo XVI -- trabajos recopiladores anteriores a Ovando (1560-1569) -- Proyecto de recopilación de Juan de Ovando (1569-1575) -- Recopilaciones posteriores a Ovando -- t.2: Siglo XVII -- Trabajos de recopilación legislativa anteriores a la entrada de Leon Pinelo en el consejo de Indias -- Trabajos de recopiladores de Leon Pinelo en el consejo supremo -- Labor recopiladora postpineliana. | ||
| 650 |
_aDerecho indiano _97552 |
||
| 650 |
_aLegislación _92962 |
||
| 650 |
_aAmérica _91348 |
||
| 650 |
_aPerú _935 |
||
| 650 |
_aHistoria _9136 |
||
| 650 |
_aSiglos XVI-XVIII _95398 |
||
| 650 |
_aHistoriografía _97736 |
||
| 942 |
_2ddc _cLIBROS |
||
| 945 | _azta | ||